01327nam a2200373Ic 450000100060000000300100000600500170001600700030003300800410003602000180007704000350009504100080013008200110013808200090014910000380015824501070019625000210030326400720032426400780039630000090047430000290048333600270051233700330053933800280057249000110060065000440061165000240065565000390067965000260071870000490074494200120079399900170080595201310082257874CO-BoRNBP20250808194209.0ta141031s9999 xx 000 0 und d a9789583001802 aCO-BoRNBPbspaerdacCO-BoRNBP aspa0 a530.110 bL15t1 aLandau, Lev Davidovicheaut9723910aQué es la teoría de la relatividad? :bI. Landau, Y. Rumer ; ilustrado por Claudia García Ochoa. a1a ed, 7a reimpr 1a[Lugar de publicación no identificado] :bPanamericana2014,c2014 1aBogotá, Colombia :bBogotá,c[Fecha de publicación no identificada] a81 p avolumen :bilustraciones atextobtxt2rdacontent asin mediaciónbn2rdamedia avolumenbnc2rdacarrier0 aEnsayo07aEnsayos, conferencias, etc2lemb94257007aMemoria2LEMB9106307aRelatividad (física)2lemb9724107aFísica2LEMB9104601 aRumer, Yuri \ García Ochoa, Claudia961924 cBK2ddc c57874d57874 00102ddc40708GENaMEMACAREbMEMACAREcGENd2025-08-08l0o530.11 L15tpLM02897r2025-08-08 19:43:01tEj.1w2025-08-08yBK